[Event "SC Hansa Dortmund 2 - SG Bochum 2"]
[Site "NRW-Klasse - Gruppe 1 2019/20"]
[Date "2020.01.12"]
[Round "5.8"]
[White "Hillebrand, Carsten"]
[Black "Fistoul, Boris"]
[Result "0-1"]
[WhiteElo "1948"]
[BlackElo "2074"]
[PlyCount "94"]
[EventDate "2020.??.??"]
[SourceVersionDate "2020.03.16"]
[WhiteTeam "SC Hansa Dortmund 2"]
[BlackTeam "SG Bochum 2"]

1. c4 f5 2. g3 Nf6 3. Bg2 g6 4. Nf3 Bg7 5. Nc3 c6 6. O-O O-O 7. d3 d6 8. Bd2
Re8 9. Qc2 Nbd7 10. Rad1 Qc7 11. Qc1 e5 12. e4 Nc5 13. Ne1 a5 14. b3 Be6 15. f3
Rad8 16. Be3 b6 17. d4 exd4 18. Bxd4 fxe4 19. fxe4 Ng4 20. Nf3 Bh6 21. Ng5 Qe7
22. h4 Ne5 23. Be3 Bg4 24. Rd2 Bg7 25. Qc2 h6 26. Nf3 Nxf3+ 27. Bxf3 Bxf3 28.
Rxf3 Bxc3 29. Qxc3 Nxe4 30. Qd4 Nxd2 31. Bxd2 c5 32. Qd5+ Qe6 33. Qb7 Rd7 34.
Qc6 d5 35. Rf6 Qxc6 36. Rxc6 dxc4 37. Bxh6 cxb3 38. axb3 Kh7 39. Bf4 Re2 40.
Kf1 Rb2 41. Ke1 Rxb3 42. h5 gxh5 43. Rh6+ Kg8 44. Rxh5 Rg7 45. Kd2 Rgxg3 46.
Bxg3 Rxg3 47. Kc2 a4 0-1

[Event "SK Werther 1 - SG Kirchlengern 1"]
[Site "NRW-Klasse - Gruppe 1 2019/20"]
[Date "2020.01.12"]
[Round "5.1"]
[White "Gulatz, Maurice"]
[Black "Haskenhoff, Jan"]
[Result "0-1"]
[WhiteElo "2162"]
[BlackElo "2218"]
[PlyCount "68"]
[EventDate "2020.??.??"]
[SourceVersionDate "2020.03.16"]
[WhiteTeam "SG Kirchlengern 1"]
[BlackTeam "SK Werther 1"]

1. d4 Nf6 2. c4 g6 3. g3 Bg7 4. Bg2 d5 5. cxd5 Nxd5 6. e4 Nb6 7. Ne2 O-O 8. O-O
c5 9. d5 e6 10. Nbc3 exd5 11. exd5 Na6 12. h3 Re8 13. a3 Nc4 14. b3 Nd6 15. Bf4
h5 16. Qd2 Bf5 17. Rad1 Be5 18. Be3 Qd7 19. Nf4 Rad8 20. Kh2 Nb5 21. Nxb5 Qxb5
22. Qa2 b6 23. Rfe1 Qa5 24. Re2 Nc7 25. b4 cxb4 26. axb4 Qxa2 27. Rxa2 Nb5 28.
Rc1 Rd7 29. Bf1 Nd6 30. Rc6 Be4 31. Rd2 Nf5 32. Bb5 Red8 33. Rc1 Rd6 34. Bc6 h4
0-1

[Event "SK Werther 1 - SG Kirchlengern 1"]
[Site "NRW-Klasse - Gruppe 1 2019/20"]
[Date "2020.01.12"]
[Round "5.2"]
[White "Freiberger, Jonas"]
[Black "Braun, Peter"]
[Result "1-0"]
[WhiteElo "2154"]
[BlackElo "2037"]
[PlyCount "75"]
[EventDate "2020.??.??"]
[SourceVersionDate "2020.03.16"]
[WhiteTeam "SK Werther 1"]
[BlackTeam "SG Kirchlengern 1"]

1. e4 e6 2. f4 Nh6 3. Nf3 Be7 4. g3 O-O 5. Bg2 d5 6. Nc3 d4 7. Ne2 d3 8. cxd3
c5 9. d4 cxd4 10. Nexd4 e5 11. Ne2 Nc6 12. d4 exd4 13. Nexd4 Qb6 14. Nxc6 bxc6
15. Qb3 Qa6 16. Bf1 Qa5+ 17. Bd2 Qc7 18. Ne5 Rb8 19. Qc2 Bd6 20. Bc3 f6 21. Nc4
Bc5 22. h3 Rd8 23. Rd1 Rxd1+ 24. Kxd1 Be6 25. Kc1 Qf7 26. b3 f5 27. Ne5 Qe8 28.
Bd3 g6 29. g4 fxe4 30. Bxe4 Qf8 31. Kb1 Qxf4 32. Bxg6 Rb7 33. Rd1 Bd5 34. Nd3
Qf8 35. Nxc5 Qxc5 36. Bxh7+ Rxh7 37. Qg6+ Kf8 38. Qxh7 1-0

[Event "SK Werther 1 - SG Kirchlengern 1"]
[Site "NRW-Klasse - Gruppe 1 2019/20"]
[Date "2020.01.12"]
[Round "5.3"]
[White "Krueger, Tim"]
[Black "Suchland, Marko"]
[Result "1-0"]
[WhiteElo "2039"]
[BlackElo "2167"]
[Annotator "Daniel"]
[PlyCount "73"]
[EventDate "2020.??.??"]
[SourceVersionDate "2020.03.16"]
[WhiteTeam "SG Kirchlengern 1"]
[BlackTeam "SK Werther 1"]

1. d4 Nf6 2. Nc3 d5 3. Bg5 c5 4. Bxf6 gxf6 5. e4 dxe4 6. dxc5 Qa5 7. Qd2 Nc6 8.
Nxe4 Qxd2+ 9. Nxd2 Bf5 10. c3 Rg8 11. Ne2 O-O-O 12. Nb3 e5 13. Ng3 Be6 14. Bb5
Bd5 15. O-O f5 16. c4 Be6 17. Bxc6 bxc6 18. Rfd1 Be7 19. Na5 Kc7 20. b4 h5 21.
Nf1 f4 22. Nd2 Bg4 23. f3 Bh3 24. g3 fxg3 25. hxg3 Rxg3+ 26. Kh2 h4 27. Ne4
Rxd1 28. Rxd1 Rxf3 29. Nd6 Bd7 30. b5 Rf2+ 31. Kg1 Rxa2 32. b6+ axb6 33. cxb6+
Kxb6 34. c5+ Kxa5 35. Nb7+ Kb4 36. Rxd7 Bxc5+ 37. Kh1 {ZÜ} 1-0

[Event "SK Werther 1 - SG Kirchlengern 1"]
[Site "NRW-Klasse - Gruppe 1 2019/20"]
[Date "2020.01.12"]
[Round "5.4"]
[White "Goecke, Karl Ulrich"]
[Black "Ott, Mathias"]
[Result "1-0"]
[WhiteElo "2140"]
[BlackElo "1957"]
[PlyCount "63"]
[EventDate "2020.??.??"]
[SourceVersionDate "2020.03.16"]
[WhiteTeam "SK Werther 1"]
[BlackTeam "SG Kirchlengern 1"]

1. d4 d5 2. Nf3 Nf6 3. g3 g6 4. Bg2 Bg7 5. O-O O-O 6. c4 c6 7. b3 dxc4 8. bxc4
c5 9. Bb2 cxd4 10. Nxd4 Qc7 11. Nb5 Qa5 12. Nd2 Nc6 13. Nb3 Qb6 14. a4 Bf5 15.
a5 Qd8 16. Qxd8 Raxd8 17. a6 bxa6 18. Bxc6 axb5 19. cxb5 Bd7 20. Rxa7 Bxc6 21.
bxc6 Rb8 22. Bxf6 Bxf6 23. Rb7 Rbc8 24. Rc1 Kg7 25. Kg2 Rfd8 26. f4 Bb2 27. Rc2
Ba3 28. Kf3 Rd6 29. Ra2 Rcxc6 30. Rxa3 Rc3+ 31. Kf2 Re6 32. Ra2 1-0

[Event "SK Werther 1 - SG Kirchlengern 1"]
[Site "NRW-Klasse - Gruppe 1 2019/20"]
[Date "2020.01.12"]
[Round "5.5"]
[White "Dilger, Tim"]
[Black "Ortpaul, Mario"]
[Result "0-1"]
[WhiteElo "1848"]
[BlackElo "1885"]
[Annotator "Daniel"]
[PlyCount "80"]
[EventDate "2020.??.??"]
[SourceVersionDate "2020.03.16"]
[WhiteTeam "SG Kirchlengern 1"]
[BlackTeam "SK Werther 1"]

1. e4 c5 2. Nc3 Nc6 3. Bb5 d6 4. f4 a6 5. Bxc6+ bxc6 6. Nf3 g6 7. O-O Bg7 8. d3
Nf6 9. Qe1 O-O 10. h3 Qc7 11. Qh4 Nd7 12. Ng5 h6 13. Nf3 Nf6 14. f5 g5 15. Qe1
e6 16. g4 exf5 17. gxf5 Re8 18. Qg3 Qe7 19. Kf2 Nh5 20. Qg4 Nf6 21. Qg3 Nh5 22.
Qg4 Nf6 $11 23. Qg2 Kh7 24. Bd2 Nd7 25. h4 gxh4 26. Rh1 Rg8 27. Rag1 Bd4+ 28.
Nxd4 Rxg2+ 29. Rxg2 cxd4 30. Ne2 Bb7 31. Rg4 h5 32. Rhxh4 Nf6 33. Rg2 Rg8 34.
Rgh2 Ng4+ 35. Ke1 Nxh2 36. Rxh5+ Kg7 37. Bh6+ Kf6 38. Rxh2 Qc7 39. Bf4 c5 40.
Rh6+ Ke7 0-1

[Event "SK Werther 1 - SG Kirchlengern 1"]
[Site "NRW-Klasse - Gruppe 1 2019/20"]
[Date "2020.01.12"]
[Round "5.6"]
[White "Hufendiek, Ekkehard"]
[Black "Knollmann, Benjamin"]
[Result "1-0"]
[WhiteElo "1902"]
[BlackElo "1826"]
[Annotator "Daniel"]
[PlyCount "65"]
[EventDate "2020.??.??"]
[SourceVersionDate "2020.03.16"]
[WhiteTeam "SK Werther 1"]
[BlackTeam "SG Kirchlengern 1"]

1. e4 e6 2. d4 d5 3. e5 c5 4. c3 Qc7 5. Nf3 Bd7 6. Bd3 Nc6 7. O-O Nge7 8. Na3
a6 9. Re1 Ng6 10. h4 cxd4 11. cxd4 Qd8 12. g3 Bb4 13. Bd2 Bxd2 14. Qxd2 f5 15.
exf6 Qxf6 16. Bxg6+ Qxg6 17. Ne5 Nxe5 18. Rxe5 O-O 19. h5 Qf6 20. Nc2 Rac8 21.
Rae1 h6 22. Ne3 Qf3 23. Ng2 Be8 24. Nf4 Bf7 25. Nxe6 Bxe6 26. Rxe6 Qxh5 27. Re7
Qg6 28. R1e2 Rf7 $11 29. Qa5 Kh7 30. Qxd5 Rc1+ 31. Kg2 Rf5 32. Qxb7 Rh5 33.
Rxg7+ 1-0

[Event "SK Werther 1 - SG Kirchlengern 1"]
[Site "NRW-Klasse - Gruppe 1 2019/20"]
[Date "2020.01.12"]
[Round "5.7"]
[White "Ott, Helmut"]
[Black "Henkemeier, Markus"]
[Result "1/2-1/2"]
[WhiteElo "1782"]
[BlackElo "2008"]
[PlyCount "144"]
[EventDate "2020.??.??"]
[SourceVersionDate "2020.03.16"]
[WhiteTeam "SG Kirchlengern 1"]
[BlackTeam "SK Werther 1"]

1. d4 c6 2. c4 d5 3. Nf3 Nf6 4. Nc3 dxc4 5. a4 Bf5 6. e3 e6 7. Bxc4 Bb4 8. O-O
O-O 9. Qb3 Qb6 10. Bd2 Nbd7 11. Na2 Bxd2 12. Nxd2 Qxb3 13. Bxb3 Rfd8 14. Rfc1
e5 15. Nf3 exd4 16. Nxd4 Bg6 17. Bc2 Bxc2 18. Rxc2 a5 19. Nc3 Nb6 20. Kf1 Kf8
21. b3 g6 22. Ke1 Ke7 23. Rd1 Rd7 24. Rcd2 Rad8 25. h3 h5 26. Nde2 Nbd5 27. e4
Nb4 28. Rxd7+ Nxd7 29. f4 Nc5 30. Rxd8 Kxd8 31. f5 Ke7 32. Nd4 Nbd3+ 33. Ke2
Nc1+ 34. Ke3 N1xb3 35. Nf3 gxf5 36. exf5 Kf6 37. g4 hxg4 38. hxg4 Nd7 39. Ne4+
Ke7 40. g5 b5 41. Nc3 b4 42. Ne4 Kf8 43. Nd6 Nbc5 44. Nc4 Nxa4 45. Nxa5 c5 46.
Kd3 Nab6 47. Nc4 Nd5 48. f6 Nf4+ 49. Ke4 Ne6 50. Kd5 Kg8 51. Kd6 Ndf8 52. Kd5
Ng6 53. Ncd2 Ngf4+ 54. Kc4 Ng2 55. Ne4 Ne3+ 56. Kd3 Nd5 57. Kc4 Nb6+ 58. Kb5
Nd7 59. Kc6 Ndf8 60. Kd5 Ng6 61. Kc4 Ngf4 62. Ne5 Ne2 63. Nd3 Kh7 64. Ne5 Kg8
65. Nd3 b3 66. Kxb3 N2d4+ 67. Kc4 Nf3 68. Ndxc5 Nexg5 69. Nxg5 Nxg5 70. Nd7 Nh7
71. Ne5 Nxf6 72. Nxf7 Kxf7 1/2-1/2

[Event "SG Bünde 1 - SV Welper 1"]
[Site "NRW-Klasse - Gruppe 1 2019/20"]
[Date "2020.01.12"]
[Round "5.1"]
[White "Fuellgrabe, Thomas"]
[Black "Pieper-Emden, Carsten"]
[Result "1/2-1/2"]
[WhiteElo "2236"]
[BlackElo "2159"]
[Annotator "Daniel"]
[PlyCount "142"]
[EventDate "2020.??.??"]
[SourceVersionDate "2020.03.16"]
[WhiteTeam "SV Welper 1"]
[BlackTeam "SG Bünde 1"]

1. e4 d5 2. exd5 Qxd5 3. Nc3 Qa5 4. d4 Nf6 5. Bc4 Bf5 6. Bd2 c6 7. Nf3 e6 8.
Qe2 Nbd7 9. d5 cxd5 10. Nxd5 Qd8 11. O-O-O Nxd5 12. Bxd5 Qc7 13. Nd4 O-O-O 14.
Nxf5 exd5 $11 15. Qf3 Ne5 16. Qg3 g6 17. Bf4 f6 18. Nd4 Qd7 19. Bxe5 fxe5 20.
Qxe5 Bg7 21. Qe6 Rhe8 22. Qxd7+ Rxd7 23. c3 a6 24. Rhe1 Rde7 25. Rxe7 Rxe7 26.
Kc2 Kc7 27. Nf3 Kc6 28. Re1 Rxe1 29. Nxe1 Kd6 30. Nf3 Bf6 31. a4 Ke6 32. Kd3
Kd6 33. Nd4 Bg5 34. g3 Bd8 35. f4 Bf6 36. g4 h6 37. Nf3 Ke6 38. Ke3 Bd8 39.
Nd4+ Kd6 40. Kf3 Bf6 41. Ke3 Bd8 42. Kd3 Bf6 43. b4 Bd8 44. Nb3 b6 45. a5 bxa5
46. Nxa5 Bf6 47. Nb3 Kc6 48. c4 dxc4+ 49. Kxc4 Be7 50. f5 gxf5 51. Nd4+ Kb6 52.
Nxf5 Bg5 53. h4 Bf6 54. h5 Bg5 55. Nd4 Be7 56. Ne6 Kc6 57. Nc5 Kb6 58. Nd7+ Kc7
59. Ne5 Kb6 60. Nf7 Bf8 61. Nd8 Be7 62. Ne6 Kc6 63. Nf4 Bg5 64. Nd5 Bd8 65. Nc3
Be7 66. Kb3 Kd6 67. Kc4 Ke5 68. Nd5 Bf8 69. Ne3 Kf4 70. Nf5 Kxg4 71. Nxh6+ Kxh5
1/2-1/2

[Event "SG Bünde 1 - SV Welper 1"]
[Site "NRW-Klasse - Gruppe 1 2019/20"]
[Date "2020.01.12"]
[Round "5.2"]
[White "Kettler, Ilija Jonas"]
[Black "Sohlmann, Jan-Henning"]
[Result "1-0"]
[WhiteElo "2031"]
[BlackElo "2172"]
[PlyCount "57"]
[EventDate "2020.??.??"]
[SourceVersionDate "2020.03.16"]
[WhiteTeam "SG Bünde 1"]
[BlackTeam "SV Welper 1"]

1. Nf3 g6 2. e4 Bg7 3. d4 c5 4. c3 cxd4 5. cxd4 d5 6. e5 Nh6 7. Nc3 Nc6 8. Bb5
O-O 9. h3 f6 10. O-O Nf7 11. exf6 exf6 12. Re1 a6 13. Ba4 b5 14. Bb3 Ne7 15.
Qe2 Ra7 16. a3 Rd7 17. Bf4 Bb7 18. Qe6 Nc8 19. Rac1 Re7 20. Qg4 Rfe8 21. Bxd5
Rxe1+ 22. Nxe1 Bxd5 23. Nxd5 f5 24. Qf3 Bxd4 25. Rd1 Bxb2 26. Nc7 Rxe1+ 27.
Rxe1 Ncd6 28. Bxd6 Qxd6 29. Qa8+ 1-0

[Event "SG Bünde 1 - SV Welper 1"]
[Site "NRW-Klasse - Gruppe 1 2019/20"]
[Date "2020.01.12"]
[Round "5.3"]
[White "Kemna, Guido"]
[Black "Brunke, Pascal"]
[Result "1-0"]
[WhiteElo "2135"]
[BlackElo "2027"]
[PlyCount "89"]
[EventDate "2020.??.??"]
[SourceVersionDate "2020.03.16"]
[WhiteTeam "SV Welper 1"]
[BlackTeam "SG Bünde 1"]

1. d4 f5 2. Nc3 Nf6 3. Bg5 e6 4. Nf3 Be7 5. e3 d6 6. Bd3 O-O 7. Qd2 d5 8. Bxf6
Bxf6 9. Ne2 Nd7 10. O-O Qe8 11. c4 Nb6 12. b3 c6 13. Rac1 Bd7 14. c5 Nc8 15.
Ne5 Ne7 16. f4 Ng6 17. b4 a6 18. h3 Qd8 19. g4 Bxe5 20. dxe5 fxg4 21. Bxg6 hxg6
22. hxg4 Qh4 23. Rf2 Kf7 24. Rg2 a5 25. bxa5 Rh8 26. g5 Ra7 27. Nd4 Rxa5 28.
Qxa5 Qh1+ 29. Kf2 Qxc1 30. Qc7 Rh1 31. Qxd7+ Kg8 32. Qxe6+ Kh7 33. Nf3 Qxc5 34.
Rh2+ Rxh2+ 35. Nxh2 Qc2+ 36. Kg3 Qc3 37. Qh3+ Kg8 38. Ng4 d4 39. Qf1 d3 40. Nf2
d2 41. Kf3 Qc2 42. Qd1 Qxa2 43. Ne4 Qc4 44. Qxd2 Qf1+ 45. Nf2 1-0

[Event "SG Bünde 1 - SV Welper 1"]
[Site "NRW-Klasse - Gruppe 1 2019/20"]
[Date "2020.01.12"]
[Round "5.4"]
[White "Altenbernd, Jannis-Domenik"]
[Black "Schaller, Fabian"]
[Result "1-0"]
[WhiteElo "1957"]
[BlackElo "2036"]
[PlyCount "63"]
[EventDate "2020.??.??"]
[SourceVersionDate "2020.03.16"]
[WhiteTeam "SG Bünde 1"]
[BlackTeam "SV Welper 1"]

1. d4 e6 2. c4 Nf6 3. Nc3 Bb4 4. e3 O-O 5. Bd2 d5 6. Nf3 a6 7. a3 Be7 8. c5
Nbd7 9. Bd3 c6 10. Qc2 g6 11. h4 e5 12. dxe5 Ng4 13. e6 Nde5 14. Nxe5 Nxe5 15.
exf7+ Rxf7 16. h5 g5 17. Na4 Nxd3+ 18. Qxd3 Bf5 19. Qb3 Qc7 20. O-O-O h6 21.
Bc3 Raf8 22. f3 Qc8 23. Rhe1 g4 24. Bd4 Bh7 25. f4 Qf5 26. Nc3 Rd8 27. g3 b5
28. cxb6 c5 29. b7 Bd6 30. e4 dxe4 31. Be5 c4 32. Rxd6 1-0

[Event "SG Bünde 1 - SV Welper 1"]
[Site "NRW-Klasse - Gruppe 1 2019/20"]
[Date "2020.01.12"]
[Round "5.5"]
[White "Linde, Wolfgang"]
[Black "Brunke, Christian"]
[Result "1/2-1/2"]
[WhiteElo "2117"]
[BlackElo "2082"]
[PlyCount "41"]
[EventDate "2020.??.??"]
[SourceVersionDate "2020.03.16"]
[WhiteTeam "SV Welper 1"]
[BlackTeam "SG Bünde 1"]

1. e4 d5 2. exd5 Qxd5 3. Nf3 Nf6 4. Be2 a6 5. O-O e6 6. d4 Be7 7. c4 Qd6 8. Nc3
O-O 9. Ne5 c5 10. Bf4 cxd4 11. Na4 Qd8 12. Rc1 Nfd7 13. Qxd4 Qa5 14. Nxd7 Nxd7
15. c5 Bf6 16. Bd2 Qc7 17. Qe4 Be7 18. c6 bxc6 19. Rxc6 Qe5 20. Qxe5 Nxe5 21.
Rc2 1/2-1/2

[Event "SG Bünde 1 - SV Welper 1"]
[Site "NRW-Klasse - Gruppe 1 2019/20"]
[Date "2020.01.12"]
[Round "5.6"]
[White "Moradi Kahlou, Benjamin"]
[Black "Adiyaman, Rene"]
[Result "1/2-1/2"]
[WhiteElo "1932"]
[BlackElo "2097"]
[PlyCount "111"]
[EventDate "2020.??.??"]
[SourceVersionDate "2020.03.16"]
[WhiteTeam "SG Bünde 1"]
[BlackTeam "SV Welper 1"]

1. e4 e5 2. Nf3 Nc6 3. d4 exd4 4. Nxd4 Bc5 5. Be3 Qf6 6. c3 Nge7 7. Bc4 O-O 8.
O-O b6 9. Nc2 Bb7 10. Bxc5 bxc5 11. Nd2 Ne5 12. Be2 c4 13. Nxc4 Nxc4 14. Bxc4
Bxe4 15. Bd3 Bb7 16. Ne3 Rfe8 17. Qh5 g6 18. Qc5 Qf4 19. Qc4 Qxc4 20. Bxc4 d5
21. Bb5 Red8 22. Rfd1 c5 23. Rd2 Rd6 24. Rad1 Rad8 25. h3 d4 26. Nc4 Rd5 27.
cxd4 cxd4 28. Na3 Nf5 29. Bd3 Ne3 30. Re1 Nf5 31. Red1 Nd6 32. Bb1 Nb5 33. Be4
R5d7 34. Nxb5 Bxe4 35. Rxd4 Rxd4 36. Rxd4 Rxd4 37. Nxd4 f6 38. f3 Bd5 39. a3
Kf7 40. Kf2 Ke7 41. Ke3 a5 42. Ne2 Kd6 43. Kd4 Bc6 44. Nf4 g5 45. Nd3 h5 46. b4
axb4 47. axb4 h4 48. Nc5 f5 49. Nd3 Bd5 50. Ne5 Ke6 51. Nd3 Bc6 52. Ke3 Bb5 53.
Ne1 Ke5 54. Nd3+ Ke6 55. Ne1 Kd5 56. Nd3 1/2-1/2

[Event "SG Bünde 1 - SV Welper 1"]
[Site "NRW-Klasse - Gruppe 1 2019/20"]
[Date "2020.01.12"]
[Round "5.7"]
[White "Conrad, Joachim"]
[Black "Hagemeier, Ulrich"]
[Result "1/2-1/2"]
[WhiteElo "2004"]
[BlackElo "2003"]
[PlyCount "32"]
[EventDate "2020.??.??"]
[SourceVersionDate "2020.03.16"]
[WhiteTeam "SV Welper 1"]
[BlackTeam "SG Bünde 1"]

1. d4 Nf6 2. Bg5 Ne4 3. Bf4 d5 4. e3 g6 5. Bd3 Nf6 6. h3 Bg7 7. Nf3 O-O 8. O-O
Nbd7 9. c4 c5 10. Nc3 cxd4 11. exd4 dxc4 12. Bxc4 Nb6 13. Bb3 Nbd5 14. Be5 Be6
15. Rc1 h6 16. Qe2 Qd7 1/2-1/2

[Event "SG Bünde 1 - SV Welper 1"]
[Site "NRW-Klasse - Gruppe 1 2019/20"]
[Date "2020.01.12"]
[Round "5.8"]
[White "Gudath, Reiner"]
[Black "Schaller, Torsten"]
[Result "1/2-1/2"]
[WhiteElo "1836"]
[BlackElo "1970"]
[Annotator "Daniel"]
[PlyCount "39"]
[EventDate "2020.??.??"]
[SourceVersionDate "2020.03.16"]
[WhiteTeam "SG Bünde 1"]
[BlackTeam "SV Welper 1"]

1. c4 e6 2. Nf3 d5 3. g3 Nf6 4. Bg2 dxc4 5. Qa4+ Nbd7 6. Qxc4 a6 7. a4 c5 8.
O-O b5 9. Qc2 Bb7 10. d3 Be7 11. Bd2 O-O 12. Na3 Qb6 13. axb5 axb5 14. Rfc1
Rfc8 15. Qd1 h6 16. Nc2 Nd5 17. Rxa8 $11 Rxa8 18. Ra1 Rxa1 19. Qxa1 Bf6 20. e4
1/2-1/2

[Event "Bielefelder SK 1 - Schach Nienberge 1"]
[Site "NRW-Klasse - Gruppe 1 2019/20"]
[Date "2020.01.12"]
[Round "5.1"]
[White "Mikeladze, Berdia"]
[Black "Forchert, Martin"]
[Result "0-1"]
[WhiteElo "2450"]
[BlackElo "2267"]
[PlyCount "80"]
[EventDate "2020.??.??"]
[SourceVersionDate "2020.03.16"]
[WhiteTeam "Schach Nienberge 1"]
[BlackTeam "Bielefelder SK 1"]

1. Nf3 d5 2. d4 Nf6 3. c4 c6 4. cxd5 cxd5 5. Nc3 Nc6 6. Bf4 Bf5 7. e3 e6 8. Bb5
Nd7 9. O-O Be7 10. Rc1 Rc8 11. Na4 g5 12. Bg3 h5 13. Nc5 Nxc5 14. dxc5 h4 15.
Bd6 Bxd6 16. cxd6 Qxd6 17. Nxg5 Ke7 18. Qa4 h3 19. g3 Rhg8 20. Bxc6 bxc6 21.
Nf3 c5 22. Qxa7+ Rc7 23. Qa3 Bg4 24. Nd4 Rb8 25. f3 Bh5 26. Rf2 Bg6 27. Ne2 c4
28. Qc3 Ra7 29. Nf4 Rxa2 30. Nxg6+ fxg6 31. Qg7+ Kd8 32. Qxg6 Qe5 33. Qg8+ Kc7
34. Qh7+ Kd6 35. e4 Rbxb2 36. Qg8 Qd4 37. Qd8+ Kc6 38. Qc8+ Kb6 39. Qb8+ Ka6
40. Qc8+ Ka7 0-1

[Event "Bielefelder SK 1 - Schach Nienberge 1"]
[Site "NRW-Klasse - Gruppe 1 2019/20"]
[Date "2020.01.12"]
[Round "5.2"]
[White "Gruen, Gerd-Peter"]
[Black "Gottkehaskamp, Philipp"]
[Result "1/2-1/2"]
[WhiteElo "2232"]
[BlackElo "2071"]
[PlyCount "66"]
[EventDate "2020.??.??"]
[SourceVersionDate "2020.03.16"]
[WhiteTeam "Bielefelder SK 1"]
[BlackTeam "Schach Nienberge 1"]

1. d4 Nf6 2. Nf3 g6 3. g3 Bg7 4. Bg2 O-O 5. O-O d6 6. c4 Nc6 7. Nc3 a6 8. Re1
Rb8 9. Rb1 b5 10. cxb5 axb5 11. b4 e5 12. d5 Nd4 13. Bb2 Nxf3+ 14. Bxf3 Qe7 15.
e4 h5 16. h4 Ng4 17. Bg2 g5 18. hxg5 Qxg5 19. Bc1 Qg6 20. Qd2 Bh6 21. Qe2 Bd7
22. Bh3 Bxc1 23. Rbxc1 Kh8 24. f3 Nf6 25. Kh2 Bxh3 26. Kxh3 h4 27. g4 Nh5 28.
Qe3 Nf4+ 29. Kh2 Ra8 30. Rc2 Ra3 31. Rd1 Rfa8 32. Qf2 Rb8 33. Qd2 Qf6 1/2-1/2

[Event "Bielefelder SK 1 - Schach Nienberge 1"]
[Site "NRW-Klasse - Gruppe 1 2019/20"]
[Date "2020.01.12"]
[Round "5.3"]
[White "Ringwelski, Marius"]
[Black "Simon, Hans Christian"]
[Result "1/2-1/2"]
[WhiteElo "1989"]
[BlackElo "2167"]
[PlyCount "45"]
[EventDate "2020.??.??"]
[SourceVersionDate "2020.03.16"]
[WhiteTeam "Schach Nienberge 1"]
[BlackTeam "Bielefelder SK 1"]

1. e4 e5 2. Nf3 Nf6 3. Nxe5 d6 4. Nf3 Nxe4 5. Nc3 Nxc3 6. dxc3 Be7 7. Be3 Nd7
8. Qd2 Ne5 9. Be2 O-O 10. O-O-O Ng4 11. Rhe1 Re8 12. Bc4 Nxe3 13. Qxe3 Bd7 14.
Kb1 Bf6 15. Qf4 Rxe1 16. Rxe1 Qf8 17. Ng5 Bxg5 18. Qxg5 Re8 19. Rxe8 Qxe8 20.
b3 h6 21. Qa5 Qb8 22. Qh5 Qe8 23. Qa5 1/2-1/2

[Event "Bielefelder SK 1 - Schach Nienberge 1"]
[Site "NRW-Klasse - Gruppe 1 2019/20"]
[Date "2020.01.12"]
[Round "5.4"]
[White "Goeßling, Guido"]
[Black "Gottkehaskamp, Stefan"]
[Result "1-0"]
[WhiteElo "2128"]
[BlackElo "2043"]
[Annotator "Daniel"]
[PlyCount "77"]
[EventDate "2020.??.??"]
[SourceVersionDate "2020.03.16"]
[WhiteTeam "Bielefelder SK 1"]
[BlackTeam "Schach Nienberge 1"]

1. e4 Nf6 2. Nc3 d5 3. e5 d4 4. exf6 dxc3 5. fxg7 cxd2+ 6. Qxd2 Qxd2+ 7. Bxd2
Bxg7 8. O-O-O O-O 9. Nf3 Nd7 10. h3 Nb6 11. Bd3 Bd7 12. Rhe1 Rfe8 13. Bf4 Rac8
14. Ne5 Be6 15. Be4 c6 16. Nd3 Nd5 $11 17. Bg3 Nf6 18. Bf3 Bd5 19. Ne5 Rcd8 20.
c4 Be6 21. Bf4 Nd7 22. Nxd7 Rxd7 23. Rxd7 Bxd7 24. Rd1 Be6 25. b3 a5 26. Bg4 f5
27. Bh5 Ra8 28. Re1 Bf7 29. Bd1 Re8 30. Be5 a4 31. Bc2 axb3 32. axb3 Bxe5 33.
Rxe5 e6 34. Kb2 Rd8 35. Kc3 Kg7 36. b4 Kf6 37. f4 b6 38. g4 fxg4 39. hxg4 {ZÜ}
1-0

[Event "Bielefelder SK 1 - Schach Nienberge 1"]
[Site "NRW-Klasse - Gruppe 1 2019/20"]
[Date "2020.01.12"]
[Round "5.5"]
[White "Kemper, Georg"]
[Black "Roemhild, Marcus"]
[Result "0-1"]
[WhiteElo "1985"]
[BlackElo "2029"]
[PlyCount "68"]
[EventDate "2020.??.??"]
[SourceVersionDate "2020.03.16"]
[WhiteTeam "Schach Nienberge 1"]
[BlackTeam "Bielefelder SK 1"]

1. d4 Nf6 2. c4 c5 3. d5 b5 4. Nf3 Bb7 5. Nbd2 bxc4 6. e4 e6 7. dxe6 dxe6 8. e5
Ne4 9. Bxc4 Nxd2 10. Bxd2 Be7 11. Bb5+ Bc6 12. Bxc6+ Nxc6 13. O-O O-O 14. b3
Qd5 15. Bc3 Rfd8 16. Qc2 Qd3 17. Rac1 Rd5 18. Qxd3 Rxd3 19. Rfd1 Rad8 20. Rxd3
Rxd3 21. Kf1 h6 22. Ne1 Rd5 23. f4 g5 24. g3 Kg7 25. Nc2 gxf4 26. gxf4 Rd3 27.
Ne1 Rd5 28. Ke2 Kg6 29. Nc2 Rd7 30. Ne3 Kh5 31. Rg1 Nd4+ 32. Kf2 Bh4+ 33. Kg2
Ne2 34. Rf1 Nxc3 0-1

[Event "Bielefelder SK 1 - Schach Nienberge 1"]
[Site "NRW-Klasse - Gruppe 1 2019/20"]
[Date "2020.01.12"]
[Round "5.6"]
[White "Doering, Carsten"]
[Black "Haas, Kai"]
[Result "1/2-1/2"]
[WhiteElo "1973"]
[BlackElo "1928"]
[PlyCount "35"]
[EventDate "2020.??.??"]
[SourceVersionDate "2020.03.16"]
[WhiteTeam "Bielefelder SK 1"]
[BlackTeam "Schach Nienberge 1"]

1. d4 c5 2. d5 e5 3. c4 d6 4. Nc3 Be7 5. Nf3 Nf6 6. e4 Nbd7 7. g3 O-O 8. Bg2 a6
9. Qc2 Rb8 10. a4 b6 11. O-O Re8 12. Rb1 Nf8 13. b4 Bd7 14. Bd2 Qc7 15. b5 a5
16. Ne1 Ng6 17. Nd3 Qc8 18. Rfe1 1/2-1/2

[Event "Bielefelder SK 1 - Schach Nienberge 1"]
[Site "NRW-Klasse - Gruppe 1 2019/20"]
[Date "2020.01.12"]
[Round "5.7"]
[White "Keller, Dirk"]
[Black "Danielmeier, Ralf"]
[Result "1/2-1/2"]
[WhiteElo "1926"]
[BlackElo "2021"]
[PlyCount "27"]
[EventDate "2020.??.??"]
[SourceVersionDate "2020.03.16"]
[WhiteTeam "Schach Nienberge 1"]
[BlackTeam "Bielefelder SK 1"]

1. c4 Nf6 2. g3 g6 3. Bg2 d5 4. cxd5 Nxd5 5. Nc3 Nb6 6. d3 Bg7 7. Be3 Nc6 8.
Rc1 Nd4 9. Qd2 Nf5 10. Bc5 O-O 11. Nf3 Bd7 12. O-O Bc6 13. Qc2 Re8 14. Rfd1
1/2-1/2

[Event "Bielefelder SK 1 - Schach Nienberge 1"]
[Site "NRW-Klasse - Gruppe 1 2019/20"]
[Date "2020.01.12"]
[Round "5.8"]
[White "Schnitker, Rainer"]
[Black "Hagemann, Lars"]
[Result "1-0"]
[WhiteElo "2028"]
[BlackElo "1724"]
[PlyCount "69"]
[EventDate "2020.??.??"]
[SourceVersionDate "2020.03.16"]
[WhiteTeam "Bielefelder SK 1"]
[BlackTeam "Schach Nienberge 1"]

1. Nf3 d5 2. g3 Nf6 3. Bg2 c6 4. b3 g6 5. Bb2 Bg7 6. d3 O-O 7. Nbd2 Bf5 8. O-O
Qc8 9. Re1 Na6 10. c4 Bh3 11. Bh1 Nc7 12. Rc1 dxc4 13. bxc4 Qg4 14. Qb3 Rab8
15. Qa3 Rfe8 16. Qxa7 Qc8 17. Qa3 Ra8 18. Qb3 h6 19. a4 Bg4 20. Rb1 Rb8 21. Be5
Nd7 22. Bxg7 Kxg7 23. d4 Bxf3 24. Nxf3 e6 25. Rec1 Qd8 26. e3 Kg8 27. Rb2 Kg7
28. Qc3 Kg8 29. Rcb1 Qc8 30. Nd2 Rd8 31. Qa3 f5 32. Nb3 Kf7 33. Na5 Nf6 34.
Nxb7 Ne4 35. Nxd8+ 1-0

[Event "SV Welper 1 - Bielefelder SK 1"]
[Site "NRW-Klasse - Gruppe 1 2019/20"]
[Date "2020.02.02"]
[Round "6.1"]
[White "Forchert, Martin"]
[Black "Fuellgrabe, Thomas"]
[Result "1/2-1/2"]
[WhiteElo "2267"]
[BlackElo "2236"]
[PlyCount "49"]
[EventDate "2020.??.??"]
[SourceVersionDate "2020.03.16"]
[WhiteTeam "Bielefelder SK 1"]
[BlackTeam "SV Welper 1"]

1. e4 e5 2. Nf3 Nc6 3. d4 exd4 4. Nxd4 Nf6 5. Nxc6 bxc6 6. e5 Qe7 7. Qe2 Nd5 8.
c4 Ba6 9. Nd2 g6 10. Nf3 Qb4+ 11. Kd1 Ne7 12. b3 Bg7 13. Bb2 O-O 14. Kc2 c5 15.
Rd1 Rad8 16. Qd2 Qb6 17. Bd3 Bb7 18. h4 d6 19. exd6 Rxd6 20. Bxg7 Kxg7 21. h5
Bxf3 22. gxf3 Nf5 23. Qc1 Nd4+ 24. Kb2 Rd7 25. hxg6 1/2-1/2